书目信息 |
| 题名: |
财务数据智能分析
|
|
| 作者: | 蒲敏 , 夏文娟 主编 | |
| 分册: | ||
| 出版信息: | 北京 电子工业出版社 2024.09 |
|
| 页数: | 208页 | |
| 开本: | 26cm | |
| 丛书名: | ||
| 单 册: | ||
| 中图分类: | F275 | |
| 科图分类: | ||
| 主题词: | 财务管理--数据处理 | |
| 电子资源: | ||
| ISBN: | 978-7-121-49007-1 | |
| 000 | 00941nam0 2200253 450 | |
| 001 | 01020527 | |
| 005 | 20251022174653.55 | |
| 010 | @a978-7-121-49007-1@dCNY42.00 | |
| 100 | @a20241111d2024 em y0chiy0120 ea | |
| 101 | 0 | @achi |
| 102 | @aCN@b110000 | |
| 105 | @aak z 000yy | |
| 106 | @ar | |
| 200 | 1 | @a财务数据智能分析@9cai wu shu ju zhi neng fen xi@f蒲敏,夏文娟主编 |
| 210 | @a北京@c电子工业出版社@d2024.09 | |
| 215 | @a208页@c图@d26cm | |
| 300 | @a重庆市“双优”建设项目成果 会计事务专业课程改革数字化教材 | |
| 330 | @a本书是实用的 WPS 软件教材。从表格数据处理开篇,涵盖基础操作、六大类函数及数据透视表。业务分析涉及多领域,细化任务应对实际场景。还介绍 “WPS AI” 应用及数据处理方法,为读者提供全面实操指南与前沿技术体验。 | |
| 606 | 0 | @a财务管理@x数据处理 |
| 690 | @aF275@v5 | |
| 701 | 0 | @a蒲敏@9pu min@4主编 |
| 701 | 0 | @a夏文娟@9xia wen juan@4主编 |
| 801 | 0 | @aCN@c20250910 |
| 905 | @a河南城建学院图书馆@dF275@eP798@ZP798@f1 | |
| 财务数据智能分析/蒲敏,夏文娟主编.-北京:电子工业出版社,2024.09 |
| 208页:图;26cm |
| 重庆市“双优”建设项目成果 会计事务专业课程改革数字化教材 |
| ISBN 978-7-121-49007-1:CNY42.00 |
| 本书是实用的 WPS 软件教材。从表格数据处理开篇,涵盖基础操作、六大类函数及数据透视表。业务分析涉及多领域,细化任务应对实际场景。还介绍 “WPS AI” 应用及数据处理方法,为读者提供全面实操指南与前沿技术体验。 |
| ● |
| 相关链接 |
|
|
|
正题名:财务数据智能分析
索取号:F275/P798
 
预约/预借
| 序号 | 登录号 | 条形码 | 馆藏地/架位号 | 状态 | 备注 |
| 1 | 1634871 | 216348717 | 社科库409/409社科库 94排3列4层/ [索取号:F275/P798] | 在馆 |